书目信息 |
| 题名: |
机床电器与可编程序控制器
|
|
| 作者: | 姚永刚 主编 | |
| 分册: | ||
| 出版信息: | 北京 机械工业出版社 2008 |
|
| 页数: | 253页 | |
| 开本: | 26cm | |
| 丛书名: | ||
| 单 册: | ||
| 中图分类: | TG502.34 | |
| 科图分类: | ||
| 主题词: | 金属加工--机具 , 机床 , 金属切削 | |
| 电子资源: | ||
| ISBN: | 978-7-111-23221-6 | |
| 000 | 00977nam0 2200241 450 | |
| 001 | 498 | |
| 005 | 20160905101956.68 | |
| 010 | @a978-7-111-23221-6@dCNY25.00 | |
| 100 | @a20080318d2008 km y0chiy0120 ea | |
| 101 | 0 | @achi |
| 102 | @aCN@b110000 | |
| 105 | @ay z 000yy | |
| 200 | 1 | @a机床电器与可编程序控制器@9ji chuang dian qi yu ke bian cheng xu kong zhi qi@f姚永刚主编 |
| 210 | @a北京@c机械工业出版社@d2008 | |
| 215 | @a253页@d26cm | |
| 330 | @a本书系统地介绍了机床常用低压电器、电器控制基本环节、典型生产机械电气控制、可编程序控制器及其工作原理、s7系列可编程序控制器、OMRON系列可编程序控制器、可编程序控制器控制系统设计及应用、数控设备中的可编程序控制器和实验指导等知识,并提供了一些可编程控制器应用实例,便于读者将其中的知识综合化,且具有一定的应用性。 | |
| 606 | 0 | @a金属加工@x机具 |
| 606 | 0 | @a机床 |
| 606 | 0 | @a金属切削 |
| 690 | @aTG502.34@v4 | |
| 701 | 0 | @a姚永刚@9yao yong gang@4主编 |
| 801 | 0 | @aCN@b唐山师范学院图书馆@c20160722 |
| 905 | @aZUCC@dTG502.34@e47 | |
| 机床电器与可编程序控制器/姚永刚主编.-北京:机械工业出版社,2008 |
| 253页;26cm |
| ISBN 978-7-111-23221-6:CNY25.00 |
| 本书系统地介绍了机床常用低压电器、电器控制基本环节、典型生产机械电气控制、可编程序控制器及其工作原理、s7系列可编程序控制器、OMRON系列可编程序控制器、可编程序控制器控制系统设计及应用、数控设备中的可编程序控制器和实验指导等知识,并提供了一些可编程控制器应用实例,便于读者将其中的知识综合化,且具有一定的应用性。 |
| ● |
| 相关链接 |
|
|
|
|
正题名:机床电器与可编程序控制器
索取号:TG502.34/47
 
预约/预借
| 序号 | 登录号 | 条形码 | 馆藏地/架位号 | 状态 | 备注 |
| 1 | 902088 | 209020888 | 第二样本阅览室/ [索取号:TG502.34/47] | 在馆 | |
| 2 | 902089 | 209020897 | 第三借阅区/ [索取号:TG502.34/47] | 在馆 | |
| 3 | 902090 | 209020904 | 第三借阅区/ [索取号:TG502.34/47] | 在馆 | |
| 4 | 902091 | 209020913 | 第三借阅区/ [索取号:TG502.34/47] | 在馆 | |
| 5 | 902092 | 209020922 | 第三借阅区/ [索取号:TG502.34/47] | 在馆 |